| 000 | 01371cam a22003254a 4500 | ||
|---|---|---|---|
| 999 |
_c23912 _d23912 |
||
| 001 | 15611845 | ||
| 005 | 20170127115430.0 | ||
| 008 | 090204s2009 aa 000 0ceng | ||
| 010 | _a 2009002915 | ||
| 020 | _a9780757307935 (hard cover) | ||
| 020 | _a0757307930 (hard cover) | ||
| 040 |
_aDLC _cDLC _dDLC |
||
| 043 | _an-us--- | ||
| 050 | 0 | 0 |
_aNC1429.W5794 _bA2 2009 |
| 100 | 1 |
_aWilson, Tom, _d1957- |
|
| 245 | 1 | 0 |
_aZig-zagging / _cTom Wilson. |
| 260 |
_aDeerfield Beach, FL : _bHealth Communications, _cc2009. |
||
| 300 |
_axv, 212 p. : _bill. ; _c22 cm. |
||
| 600 | 1 | 0 |
_aWilson, Tom, _d1931-2011. |
| 600 | 1 | 0 |
_aWilson, Tom, _d1957- |
| 600 | 1 | 0 |
_aWilson, Tom, _d1931-2011. _tZiggy. |
| 600 | 1 | 0 |
_aWilson, Tom, _d1957- _tZiggy. |
| 650 | 0 |
_aCartoonists _zUnited States _vBiography. |
|
| 650 | 0 | _aAmerican wit and humor, Pictorial. | |
| 906 |
_a7 _bcbc _corignew _d1 _eecip _f20 _gy-gencatlg |
||
| 942 |
_2lcc _cBOOKS _hNC 1429 .W5794A2 2009 |
||